All nhl teams to have won a Stanley cup - Statistics

General Stats
  • This quiz has been taken 24 times
  • The average score is 14 of 22
Answers on the Grid
Answers color-coded by a green-red scale on the quiz's grid according to % correct below.
Canadiens de Montréal
Toronto Maple Leafs
Boston Bruins
Philadelphia Flyers
Ottawa Senators
Pittsburgh Penguins
Detroit Red Wings
Tampa Bay Lightning
San Jose Sharks
Florida Panthers
Buffalo Sabres
Vancouver Canucks
St-Louis Blues
Colorado Avalanche
Vegas Golden Knights
Nashville Predators
Washington Capitals
Minnesota Wild
Winnipeg Jets
Los Angeles Kings
Anaheim Ducks
Carolina Hurricanes
New Jersey devils
Colombus Blue Jackets
Seattle Kraken
Utah Mammoth
Dallas stars
New York Rangers
Edmonton Oilers
Calgary Flames
New York Islanders
Chicago Blackhawks
 
Answer Stats
Answer % Correct
Boston Bruins
100%
Canadiens de Montréal
100%
Pittsburgh Penguins
92%
Detroit Red Wings
83%
Philadelphia Flyers
83%
Toronto Maple Leafs
83%
Chicago Blackhawks
75%
Edmonton Oilers
75%
Tampa Bay Lightning
75%
New York Rangers
67%
Washington Capitals
67%
Colorado Avalanche
58%
Florida Panthers
58%
Los Angeles Kings
58%
Vegas Golden Knights
58%
New York Islanders
50%
St-Louis Blues
50%
Calgary Flames
42%
Carolina Hurricanes
42%
Dallas stars
42%
New Jersey devils
33%
Anaheim Ducks
25%
No matching quizzes found
Score Distribution
Percent of People with Each Score
Percentile by Number Answered
Your Score History
You have not taken this quiz